| 000 | 00559nam a2200181 a 4500 | ||
|---|---|---|---|
| 005 | 20220623115619.0 | ||
| 008 | 991125s1966 par 000 0 fre u | ||
| 035 | _aUPN01000035616 | ||
| 049 | _aCG | ||
| 050 | 4 |
_aB1802 _bB4.4 |
|
| 100 | 1 | _aBeaujour, Alexandre | |
| 245 | 1 | 0 |
_aLitteratura et philosophie : _btextes de francais et exercises a l'usage... / _cpar Alexandre Beaujour et Christian Burg. |
| 260 |
_aParís : _bBordas, _c1966. |
||
| 300 | _a256 p. | ||
| 650 | 7 |
_aFilosofía francesa _2 _911991 |
|
| 700 | 1 |
_aBurg, Christian, _ecoaut. |
|
| 905 | _aLibro | ||
| 999 |
_c35616 _d35616 |
||